Guidelines on reforming energy pricing and subsidies (Record no. 45182)

MARC details
000 -LEADER
fixed length control field 01355nam a2200241 a 4500
008 - FIXED-LENGTH DATA ELEMENTS--GENERAL INFORMATION
fixed length control field 120416s2003 ||||||||||||||||| || u
020 ## - INTERNATIONAL STANDARD BOOK NUMBER
International Standard Book Number 9210163575
050 ## - LIBRARY OF CONGRESS CALL NUMBER
Classification number UNECE(08)ENERG
110 ## - MAIN ENTRY--CORPORATE NAME
Corporate name or jurisdiction name as entry element United Nations Economic Commission for Europe (UNECE)
245 10 - TITLE STATEMENT
Title Guidelines on reforming energy pricing and subsidies
Statement of responsibility, etc. by United Nations Economic Commission for Europe (UN-ECE)
246 ## - VARYING FORM OF TITLE
Title proper/short title Principes directeurs concernant la refonte de la tarification et du subventionnement de l'âenergie
246 ## - VARYING FORM OF TITLE
Title proper/short title Rukovodëiìashchie prinëtìsipy reformirovaniëiìa ëtìsenoobrazovaniëiìa na çenergiëiìu i subsidiæi v çenergetike
260 ## - PUBLICATION, DISTRIBUTION, ETC.
Place of publication, distribution, etc. New York:
Name of publisher, distributor, etc. United Nations
Date of publication, distribution, etc. 2003
300 ## - PHYSICAL DESCRIPTION
Extent v, 74p.
350 ## - PRICE (NR) (BK AM CF MU VM SE) [OBSOLETE]
Price 0.00
490 ## - SERIES STATEMENT
Series statement The ECE energy series, 1014-7225
490 ## - SERIES STATEMENT
Volume/sequential designation no. 21
500 ## - GENERAL NOTE
General note At head of title: Economic Commission for Europe = Commission âeconomique pour l'Europe = Evropeæiskaëiìa çekonomicheskaëiìa komissiëiìa. -At top of t.p.: ECE/CEP/121, ECE/ENERGY/54. -"Sales No. E/F.R.03.II.E.52"--T.p. verso.
650 ## - SUBJECT ADDED ENTRY--TOPICAL TERM
Topical term or geographic name entry element POWER RESOURCES--PRICES
650 ## - SUBJECT ADDED ENTRY--TOPICAL TERM
Topical term or geographic name entry element SUBSIDIES
710 ## - ADDED ENTRY--CORPORATE NAME
Corporate name or jurisdiction name as entry element Ministerial Conference "Environment for Europe" (5th : 2003 : Kiev, Ukraine)
995 ## - RECOMMENDATION 995 [LOCAL, UNIMARC FRANCE]
-- 0.00
-- CBU-MAIN LIBRARY (Kitwe)
-- 1
-- 0.00
-- 1
-- AVAILABLE
-- International Publications
Holdings
Withdrawn status Lost status Source of classification or shelving scheme Damaged status Not for loan Home library Current library Shelving location Date acquired Total Checkouts Full call number Barcode Date last seen Price effective from Koha item type
          CBU-MAIN LIBRARY, KITWE. CBU-MAIN LIBRARY, KITWE.   11/30/2022   UNECE(08)ENERG 48332 11/30/2022 11/30/2022 MONOGRAPH